BHARTIYA YOUDACHI KATA (Record no. 870201)

MARC details
000 -LEADER
fixed length control field 00266nam a2200121Ia 4500
008 - FIXED-LENGTH DATA ELEMENTS--GENERAL INFORMATION
fixed length control field 230901s2013 xx 000 0 und d
041 ## - LANGUAGE CODE
Language code of text/sound track or separate title mar
082 ## - DEWEY DECIMAL CLASSIFICATION NUMBER
Classification number 810/BEN
100 ## - MAIN ENTRY--PERSONAL NAME
Personal name DR. ANYE BENZAT
245 ## - TITLE STATEMENT
Title BHARTIYA YOUDACHI KATA
260 ## - PUBLICATION, DISTRIBUTION, ETC.
Date of publication, distribution, etc. 2013
300 ## - PHYSICAL DESCRIPTION
Extent 184
Holdings
Withdrawn status Lost status Damaged status Not for loan Home library Current library Date acquired Cost, normal purchase price Total Checkouts Full call number Barcode Date last seen Price effective from Koha item type
        College of Nursing, Navi Mumbai College of Nursing, Navi Mumbai 07/03/2016 75.00   810/BEN NCM-N-2849 01/08/2024 02/09/2023 Book